| 000 | 00685nam a2200229 i 4500 | ||
|---|---|---|---|
| 001 | bg | ||
| 003 | BPK | ||
| 005 | 20160210143313.0 | ||
| 008 | 981212s1998 pl f |000 0 pol d | ||
| 020 | _a8371591373 | ||
| 040 | _cBPK | ||
| 080 | _a347.4(438) | ||
| 100 | 1 | _aZimmermann, Rafał. | |
| 245 | 1 | 0 |
_aPoręczenie cywilne / _cRafał Zimmermann. |
| 260 |
_aSopot : _b"Lex", _ccop. 1998. |
||
| 300 |
_a175 s. ; _c20 cm. |
||
| 504 | _aBibliogr. s. 175. | ||
| 650 | 4 |
_aPoręczenie _xprawo _zPolska. |
|
| 650 | 4 |
_aPrawo cywilne _zPolska. |
|
| 856 |
_uhttp://koha.tu.koszalin.pl/cgi-bin/koha/opac-detail.pl?biblionumber=33730 _yKatalog online BPK |
||
| 942 |
_cKS _2UKD |
||
| 999 |
_c33730 _d33730 |
||